The Most Expensive Bundesliga Transfers - Statistics

General Stats
  • This quiz has been taken 53 times
  • The average score is 10 of 18
Answer Stats
Fee (€) Season Destination Player % Correct
80m 19/20 Bayern Lucas Hernández
94%
45m 20/21 Bayern Leroy Sané
83%
35m 16/17 Bayern Mats Hummels
75%
30.5m 19/20 Dortmund Mats Hummels
75%
37m 13/14 Bayern Mario Götze
73%
30m 07/08 Bayern Franck Ribéry
71%
30m 11/12 Bayern Manuel Neuer
62%
40m 12/13 Bayern Javi Martínez
58%
30m 09/10 Bayern Mario Gómez
58%
41.5m 17/18 Bayern Corentin Tolisso
56%
43m 15/16 Wolfsburg Julian Draxler
56%
35m 19/20 Bayern Benjamin Pavard
50%
32m 14/15 Wolfsburg André Schürrle
48%
30m 16/17 Dortmund André Schürrle
48%
30m 15/16 Bayern Douglas Costa
35%
32m 19/20 Leverkusen Kerem Demirbay
35%
35m 16/17 Bayern Renato Sanches
33%
39.25m 15/16 Bayern Arturo Vidal
25%
No matching quizzes found
Score Distribution
Percent of People with Each Score
Percentile by Number Answered
Your Score History
You have not taken this quiz